<?xml version="1.0" encoding="UTF-8"?>
<marc:record xmlns:marc="http://www.loc.gov/MARC21/slim">
   <marc:leader>00000nam a2200000 a 4500</marc:leader>
   <marc:datafield ind1="1" ind2=" " tag="100">
      <marc:subfield code="a">Weber, Claudia</marc:subfield>
      <marc:subfield code="4">aut</marc:subfield>
      <marc:subfield code="e">Verfasser/-in</marc:subfield>
   </marc:datafield>
   <marc:datafield ind1="0" ind2="0" tag="245">
      <marc:subfield code="a">Super Wings - meine liebsten Gutenachtgeschichten</marc:subfield>
   </marc:datafield>
   <marc:datafield ind1=" " ind2="1" tag="264">
      <marc:subfield code="b">Panini Verlags GmbH</marc:subfield>
      <marc:subfield code="c">2019</marc:subfield>
   </marc:datafield>
   <marc:datafield ind1="1" ind2=" " tag="490">
      <marc:subfield code="a">Panini books</marc:subfield>
   </marc:datafield>
   <marc:datafield ind1="1" ind2=" " tag="520">
      <marc:subfield code="a">Wenn Düsenflugzeug Jett mit seinen Freunden von den Super Wings unterwegs ist, lernen sie die unterschiedlichsten Länder kennen und erleben dort tolle Abenteuer. So fangen sie in England königliche Hundebabys ein, unterstützen in Deutschland die Feuerwehr bei einem Waldbrand und helfen in Spanien Ritter Carlos, eine Prinzessin in Not zu retten. Gemütlich eingekuschelt können kleine Fans hier Abenteuer rund um die Welt erleben &amp;#x0096; und ehe sie sichs versehen, sind sie im Land der Träume angekommen. (ab 3)</marc:subfield>
   </marc:datafield>
   <marc:datafield ind1=" " ind2=" " tag="020">
      <marc:subfield code="a">9783833237485</marc:subfield>
      <marc:subfield code="9">9783833237485</marc:subfield>
   </marc:datafield>
</marc:record>
